Football Teams José Bosingwa Played For - Statistics

General Stats
  • This quiz has been taken 16 times
  • The average score is 3 of 6
Answer Stats
League Years Team % Correct
Portugal 2003-2008 FC Porto
92%
England 2008-2012 Chelsea FC
85%
Portugal 2001-2003 Boavista FC
46%
Turkey 2013-2016 Trabzonspor
38%
England 2012-2013 Queens Park Rangers
31%
Portugal 2000-2001 SC Freamunde
23%
No matching quizzes found
Score Distribution
Percent of People with Each Score
Percentile by Number Answered
Your Score History
You have not taken this quiz